00769nam a22002055i 4500001000700000003000900007005001700016008004100033100003100074245006500105260004400170300002200214490004100236505008300277530003500360700001600395830004100411852003900452856007200491155137ES-MaACL20240522063052.0040722s1869 gw |||| | eng d1 aHauff, Wilhelm,d1802-182710aThree tales / cby W. Hauff ; from the German by M.A. Faber. aLeipzig : bBernhard Tauchnitz, c1869. a326 p. ; c16 cm.1 aCollection of British authors ; v110 aThe Beggard girl of the pont des arts ; The Emperor's picture ; The cold heart aDisponible en formato digital.1 aFaber, M.A.1 aCollection of British authors ; v11 aES-MaACLjG-11611 z- Enc. hol. uhttps://archive.org/details/threetales00haufuoft zInternet Archive